Slopping agricultural land technology(salt): (Record no. 1440)
[ view plain ]
| 000 -LEADER | |
|---|---|
| fixed length control field | 00565nam a22001577a 4500 |
| 005 - DATE AND TIME OF LATEST TRANSACTION | |
| control field | 20241126131504.0 |
| 008 - FIXED-LENGTH DATA ELEMENTS--GENERAL INFORMATION | |
| fixed length control field | 241126b |||||||| |||| 00| 0 eng d |
| 040 ## - CATALOGING SOURCE | |
| Original cataloging agency | KMU |
| Transcribing agency | KMU |
| Modifying agency | KMU |
| Description conventions | rda |
| 050 ## - LIBRARY OF CONGRESS CALL NUMBER | |
| Classification number | S 494.5A45 |
| 100 ## - MAIN ENTRY--PERSONAL NAME | |
| Personal name | Palmer Jeff |
| 245 ## - TITLE STATEMENT | |
| Title | Slopping agricultural land technology(salt): |
| Remainder of title | Nitrogen fixing agroforestry for sustainable soil and water conservation/ |
| Statement of responsibility, etc. | Jeff Palmer |
| 260 ## - PUBLICATION, DISTRIBUTION, ETC. | |
| Place of publication, distribution, etc. | Palestine: |
| Name of publisher, distributor, etc. | Mindanao Baptist Rural Life Center(MBRLC) |
| Date of publication, distribution, etc. | 1996. |
| 300 ## - PHYSICAL DESCRIPTION | |
| Extent | 51 P.: |
| Other physical details | ill.; |
| Dimensions | 29cm |
| 500 ## - GENERAL NOTE | |
| General note | Include appendices and references |
| 942 ## - ADDED ENTRY ELEMENTS (KOHA) | |
| Source of classification or shelving scheme | Library of Congress Classification |
| Koha item type | Non-Fiction |
| Suppress in OPAC | No |
| Withdrawn status | Lost status | Source of classification or shelving scheme | Damaged status | Not for loan | Collection | Home library | Current library | Shelving location | Date acquired | Total Checkouts | Full call number | Barcode | Date last seen | Price effective from | Koha item type |
|---|---|---|---|---|---|---|---|---|---|---|---|---|---|---|---|
| Library of Congress Classification | Non-fiction | Kapasa Makasa University | Kapasa Makasa University | Open Access | 26.11.2024 | S 494.5.A45 Pal | 731548 | 26.11.2024 | 26.11.2024 | Non-Fiction |